Statistics for 15 Most Populous Countries that Speak a Romance Language

Click here to take the quiz!

General Stats

  • This quiz has been taken 38,007 times
    (18,628 since last reset)
  • The average score is 12 of 15

Answer Stats

Population Country % Correct
60.5 mItaly
97%
46.8 mSpain
97%
67.5 mFrance
96%
212 mBrazil
93%
129 mMexico
92%
45.2 mArgentina
90%
50.9 mColombia
87%
33.0 mPeru
84%
28.4 mVenezuela
83%
19.1 mChile
83%
11.7 mBolivia
72%
17.6 mEcuador
67%
19.2 mRomania
56%
17.9 mGuatemala
51%
11.4 mHaiti
32%

Score Distribution

Percentile by Number Answered

Percent of People with Each Score

Your Score History

You have not taken this quiz since the last reset